| 000 | 00582nam a2200193Ia 4500 | ||
|---|---|---|---|
| 005 | 20250326143629.0 | ||
| 008 | 250326s9999 xx 000 0 und d | ||
| 020 | _a0-385-48546-8 | ||
| 037 | _aTextbook | ||
| 040 |
_aFMSL _beng _cFMSL |
||
| 041 |
_aeng _2eng |
||
| 084 |
_aX:8 N9 _qFMSL |
||
| 100 |
_aMackay Harvey _9748298 |
||
| 245 | 0 |
_aDig your well before you're thirsty : only networking book you'll ever need _cMackay Harvey |
|
| 260 |
_aNew York _bNew York, Currency Doubleday _c1999 |
||
| 300 | _axvi,312 | ||
| 942 |
_cTB _hX:8 N9 |
||
| 999 |
_c1300356 _d1300356 |
||